000 00982nam a22003137a 4500
003 CHAP
005 20220329143521.0
008 100323s2008 us r 00010 eng d
010 _a97856
011 _a98828
020 _a9780387759586
035 _a109513
040 _cCHAP
082 0 4 _a519.232
_bC88
_22008
100 1 _aCryer, Jonathan D.
_929664
245 1 0 _aTime series analysis :
_bwith applications in R
_c/por Jonathan D. Cryer y Kung-Sik Chan
250 _a2 ed.
260 _aNew York :
_bSpringer,
_cc2008
300 _axiii, 491 p. :
590 _aBATCH-UPD
_b10
_c20130110
_lUCH01
_h1910
590 _aBATCH-UPD
_b10
_c20130410
_lUCH01
_h1237
590 _aBATCH-UPD
_b10
_c20130914
_lUCH01
_h0352
590 _aCONVERSION
_b10
_c20130109
_lUCH01
_h1354
650 0 4 _aAnĂ¡lisis de series de tiempo.
_95975
700 1 _aChan, Kung-Sik.
_921818
901 _aBK
942 _cLIBRO
949 _a519.232 C88 2008
_bBC
_cLIBRO
_d33724002169306
_eLIBRO
_h112521
_i109513
_si
999 _c97856
_d97856